000 00272nam a2200145Ia 4500
100 _aKanetkar/Yashavant
650 _aIOT
942 _cBK
366 _f20
245 _a21 IOT experiments
260 _bBPB
_c2019
300 _a266
546 _aENGLISH
999 _c28737
_d28737